000 00713nam a22002177a 4500
003 AM-YEHGA
005 20250617164247.0
008 211110s1962 ru ||||| |||| 00| 0 rus d
040 _aAM-YeHGA
041 1 _arus
_hrm
100 1 _aПопеску, Думитру Раду
245 1 0 _aПовозка с яблоками /
_cДумитру Раду Попеску ; Пер. А. Костина
260 _aБухарест :
_bБ. и.,
_c1962.
300 _a56 с.
440 _aБиблиотека "Народная Румыния"
_v8. 1962
650 1 4 _aРумынская литература
700 1 _aКостин, А.
_eпер.
_4trl
942 _2udc
_cBK
001 1802376
090 _c524204
999 _c520633
_d520633